Narración audiovisual. Investigaciones
Salvato in:
| Autore principale: | |
|---|---|
| Natura: | Libro |
| Lingua: | spagnolo |
| Pubblicazione: |
Madrid
Laberinto
2001
|
| Serie: | Colección Laberinto Comunicación, 3
|
| Soggetti: | |
| Tags: |
Aggiungi Tag
Nessun Tag, puoi essere il primo ad aggiungerne!!
|
MARC
| LEADER | 00000nam a2200000 a 4500 | ||
|---|---|---|---|
| 001 | UCL3817 | ||
| 003 | CL-VaPUC | ||
| 008 | 031212e20010000SP |||||||||||||||||spa|d | ||
| 020 | |a 8484830217 | ||
| 082 | 0 | 4 | |a 302.23 |b PEÑ |2 21 |
| 100 | 0 | |a Peña Timón, Vicente |e author |9 481232 | |
| 245 | 1 | 0 | |a Narración audiovisual. Investigaciones |
| 300 | |a 176 p | ||
| 942 | |c BK | ||
| 945 | |d 20031212 00:00:00 |a cmena | ||
| 260 | |a Madrid |b Laberinto |c 2001 | ||
| 650 | 0 | |a Medios de comunicación de masas |9 257273 | |
| 650 | 7 | |a MATERIAL AUDIOVISUAL |2 CL-VaPUC |9 308466 | |
| 650 | 0 | |a Comunicación |9 257251 | |
| 583 | |a last modification |c 20031212 00:00:00 |k Rodrigo Vera | ||
| 490 | 0 | |a Colección Laberinto Comunicación, 3 | |
| 999 | |c 306822 |d 306820 | ||
| 952 | |0 0 |1 0 |2 ddc |4 0 |6 302_230000000000000_PEÑ_2001 |7 0 |8 A |9 372183 |a BIBCUR |b BIBCUR |c GEN |d 2019-11-21 |i 3973565 |o 302.23 PEÑ 2001 |p 3973565 |r 2025-04-22 |w 2019-11-21 |y BK |k PER | ||